|
|
|
|
| LEADER |
01301nam a2200337 i 4500 |
| 001 |
36252 |
| 003 |
BD-DhAAL |
| 005 |
20191118095223.0 |
| 008 |
191118t1980 maua b 001 0 eng d |
| 999 |
|
|
|c 41840
|d 41840
|
| 010 |
|
|
|a 79023973
|
| 020 |
|
|
|a 0205067255
|
| 040 |
|
|
|a DLC
|c DLC
|d DLC
|d BD-DhAAL
|
| 050 |
0 |
0 |
|a LC4801
|b .H49 1980
|
| 082 |
0 |
0 |
|a 371.94
|
| 100 |
1 |
|
|a Hewett, Frank M.
|9 37233
|
| 245 |
1 |
4 |
|a The emotionally disturbed child in the classroom :
|b the orchestration of success /
|c Frank M. Hewett, Frank D. Taylor.
|
| 250 |
|
|
|a Second edition
|
| 260 |
|
|
|a Boston :
|b Allyn and Bacon,
|c c1980.
|
| 300 |
|
|
|a x, 374 pages :
|b illustrations ;
|c 24 cm.
|
| 500 |
|
|
|a Includes index.
|
| 504 |
|
|
|a Includes bibliographical references (pages 351-365).
|
| 526 |
|
|
|a BIED
|
| 541 |
|
|
|a Complimentary copy from BIED
|e 36252
|
| 650 |
|
0 |
|a Problem children
|x Education.
|9 37234
|
| 650 |
|
0 |
|a Emotional problems of children.
|9 37235
|
| 650 |
|
0 |
|a Role playing.
|9 37236
|
| 700 |
1 |
|
|a Taylor, Frank D.
|9 37237
|
| 852 |
|
|
|a Ayesha Abed Library
|c General Stacks
|
| 942 |
|
|
|2 ddc
|c BK
|
| 952 |
|
|
|0 0
|1 0
|2 ddc
|4 0
|6 371_940000000000000_HEW
|7 0
|9 67179
|a BRACUL
|b BRACUL
|c GEN
|d 2019-11-18
|e Complimentary copy from BIED
|l 0
|o 371.94 HEW
|p 3010036252
|r 2019-11-18
|t 1
|w 2019-11-18
|y BK
|x Transferred from BIED to General Stacks
|